Normal view
MARC view
Entry Personal Name
001 - CONTROL NUMBER
- control field: 2045
003 - CONTROL NUMBER IDENTIFIER
- control field: BD-RjUL
005 - DATE AND TIME OF LATEST TRANSACTION
- control field: 20220324160536.0
008 - FIXED-LENGTH DATA ELEMENTS
- fixed length control field: 220324|| aca||aabn | a|a d
040 ## - CATALOGING SOURCE
- Original cataloging agency: BD-RjUL
- Transcribing agency: BD-RjUL
100 ## - HEADING--PERSONAL NAME
- Personal name: Hossain, Md. Amzad, Supervisor
670 ## - SOURCE DATA FOUND
- Source citation: Work cat.: (BD-RjUL)79611: Islam, Md. Shariful 1825, Predecessor related factors affecting successful succession in family Owned firms in Bangladesh /, 2016